[Event "RSA-ch U16 Girls"]
[Site "Waterkloof"]
[Date "2015.04.07"]
[Round "5"]
[White "Hansraj, Viashna"]
[Black "Chetty, Caitlin"]
[Result "1-0"]
[WhiteElo "1353"]
[BlackElo "1424"]
[PlyCount "53"]
[EventDate "2015.04.04"]
[EventType "swiss"]
[EventRounds "9"]
[EventCountry "RSA"]
[SourceTitle "CBM 166 Extra"]
[Source "ChessBase"]
[SourceDate "2015.06.18"]
[SourceVersion "1"]
[SourceVersionDate "2015.06.18"]
[SourceQuality "1"]

1. e4 c5 2. Nc3 Nc6 3. f4 g6 4. Bc4 Bg7 5. Nf3 e6 6. 0-0 Nge7 7. a4 0-0 8. d3 d5 9. Ba2 b6 10. g4 Bb7 11. f5 dxe4 12. Nxe4 exf5 13. gxf5 Nxf5 14. Bg5 Qc7 15. Qd2 Bxb2 16. Nh4 Nce7 17. Nxf5 Nxf5 18. Rxf5 Bxe4 19. dxe4 gxf5 20. Rf1 Bd4+ 21. Kh1 Qe5 22. Bd5 Rae8 23. Rxf5 Qg7 24. Rf1 Re5 25. Bf6 Qg6 26. Bxe5 Qh5 27. Bxd4 1-0

[Event "RSA-ch U16 Girls"]
[Site "Waterkloof"]
[Date "2015.04.06"]
[Round "3"]
[White "Van de Pypekamp, Marlise"]
[Black "Hansraj, Viashna"]
[Result "0-1"]
[WhiteElo "1128"]
[BlackElo "1353"]
[PlyCount "124"]
[EventDate "2015.04.04"]
[EventType "swiss"]
[EventRounds "9"]
[EventCountry "RSA"]
[SourceTitle "CBM 166 Extra"]
[Source "ChessBase"]
[SourceDate "2015.06.18"]
[SourceVersion "1"]
[SourceVersionDate "2015.06.18"]
[SourceQuality "1"]

1. e4 c5 2. Nf3 Nc6 3. Nc3 g6 4. h4 d6 5. h5 Nf6 6. h6 Bg4 7. Be2 Bh5 8. d3 Ng4 9. Nh2 Nxh2 10. Rxh2 Bxe2 11. Qxe2 Nd4 12. Qd1 e6 13. Ne2 Rg8 14. c3 Nc6 15. d4 cxd4 16. Nxd4 d5 17. exd5 Qxd5 18. Nxc6 Qxc6 19. Be3 Bd6 20. g3 0-0-0 21. Qe2 a6 22. 0-0-0 Qa4 23. a3 Rd7 24. Qc2 Qg4 25. Rhh1 Rgd8 26. Rh4 Qf3 27. Rhh1 f5 28. Rhe1 f4 29. gxf4 Bxf4 30. Bxf4 Qxf4+ 31. Kb1 Rxd1+ 32. Rxd1 Rxd1+ 33. Qxd1 Qxf2 34. Qd6 Qf5+ 35. Kc1 g5 36. Qg3 Qf4+ 37. Qxf4 gxf4 38. Kd2 Kd7 39. Ke2 e5 40. Kf3 Ke6 41. Ke4 Kf6 42. b4 Kg6 43. c4 Kxh6 44. b5 axb5 45. cxb5 Kg5 46. a4 h5 47. a5 h4 48. a6 bxa6 49. bxa6 h3 50. Kf3 e4+ 51. Kf2 e3+ 52. Kf3 h2 53. Ke2 h1Q 54. a7 Qa8 55. Kd3 Qxa7 56. Kc3 e2 57. Kd2 f3 58. Ke1 Kf4 59. Kd2 Qe3+ 60. Kc2 e1Q 61. Kb2 Q1e2+ 62. Kb1 Qg1# 0-1